书目信息 |
| 题名: |
呼儿嘿哟
|
|
| 作者: | 李媚娘 著 | |
| 分册: | ||
| 出版信息: | 北京 大众文艺出版社 2005.01 |
|
| 页数: | 230页 | |
| 开本: | 23cm | |
| 丛书名: | 新气质·新女性书系 | |
| 单 册: | ||
| 中图分类: | B825-49 | |
| 科图分类: | ||
| 主题词: | 女性--nu xing--修养--通俗读物 | |
| 电子资源: | ||
| ISBN: | 7-80171-561-6 | |
| 000 | 01043nam 2200277 450 | |
| 001 | 012008875874 | |
| 005 | 20080318135213.62 | |
| 010 | @a7-80171-561-6@dCNY22.00 | |
| 100 | @a20080318d2005 km y0chiy0120 ea | |
| 101 | 0 | @achi |
| 102 | @aCN@b110000 | |
| 105 | @ay z 000yy | |
| 106 | @ar | |
| 200 | 1 | @a呼儿嘿哟@Ahu er hei yo@e女人全知男人的6堂必修课@f李媚娘著@Fli mei niang zhu |
| 210 | @a北京@c大众文艺出版社@d2005.01 | |
| 215 | @a230页@d23cm | |
| 225 | 2 | @a新气质·新女性书系@Axin qi zhi·xin nu xing shu xi |
| 300 | @a武则天告诉女人 | |
| 330 | @a本书通过分析武则天的一个个故事,告诉现代女人接近男人、征服男人、驾驭男人的奥秘。书中从不同时间、不同角度、不同层次向女人详介了如何利用男人的“七寸”,越过女性人生的障碍。 | |
| 410 | 0 | @12001 @a新气质·新女性书系 |
| 517 | 1 | @a女人全知男人的6堂必修课@Anu ren quan zhi nan ren de 6 tang bi xiu ke |
| 606 | 0 | @a女性@Anu xing@x修养@j通俗读物 |
| 690 | @aB825-49@v4 | |
| 701 | 0 | @a李媚娘@Ali mei niang@4著 |
| 801 | 0 | @aCN@bQSSK@c20080318 |
| 905 | @b20286988-90@dB825-49@eL214@f3 | |
| 呼儿嘿哟:女人全知男人的6堂必修课/李媚娘著.-北京:大众文艺出版社,2005.01 |
| 230页;23cm.-(新气质·新女性书系) |
| 武则天告诉女人 |
| ISBN 7-80171-561-6:CNY22.00 |
| 本书通过分析武则天的一个个故事,告诉现代女人接近男人、征服男人、驾驭男人的奥秘。书中从不同时间、不同角度、不同层次向女人详介了如何利用男人的“七寸”,越过女性人生的障碍。 |
| ● |
| 相关链接 |
|
|
|
正题名:呼儿嘿哟
索取号:B825-49/L214
 
预约/预借
| 序号 | 登录号 | 条形码 | 馆藏地/架位号 | 状态 | 备注 |
| 1 | 286988 | 202869887 | 社科库509/509社科库 31排1列6层/ [索取号:B825-49/L214] | 在馆 | |
| 2 | 286989 | 202869896 | 社科库509/509社科库 31排1列6层/ [索取号:B825-49/L214] | 在馆 | |
| 3 | 286990 | 202869903 | 社科库509/509社科库 31排1列6层/ [索取号:B825-49/L214] | 在馆 |